01578nam a2200361 a 4500001001000000003000500010005001700015008004100032010001100073011001100084040000900095090001000104100004900114245015700163260004000320500006000360502012900420590002800549590002700577590002700604590002700631650003400658650003900692650004500731650004200776856007000818901000700888942001500895942001100910999001900921952014000940952013601080000111085CHAP20221024123536.0141202s2014 mx a fsm |||||||spa d a107547 a108519 cCHAP aTesis1 aRodríguez Espinosa, Mara Monserrat912889310aCampaña de promoción internacional de la carne mexicana de bovino 2013-2014 (Mexican beef) /h[En línea]cpor Mara Monserrat Rodríguez Espinosa. aChapingo, Méx. :bEl autor,c2014 aPara ver el contenido del material haga clic en la liga aTesis (Lic. en Comercio Internacional de Productos Agropecuarios)-- UACH. División de Ciencias Económico Administrativas aE11695DGDb10c20141205 aE5995AHEb05c20141202 aE5995AHEb05c20141202 aE5995AHEb05c2014120214aCarne de resxCalidad.91919214aCarne de resxInspección.91920914aCarne de resxMercadeoxMéxico.91921314aExportación e importación.939074 aFinding aiduhttp://10.13.5.2/tesis/sist111085.pdfzTeclea aquí aBK cTESIS2ddc n02ddc c107547d107547 00102local4053708TESISaBCbBCcPA_TESISd2014-12-02fTESISl0oTesisp33724002438132r2019-12-31 00:00:00tc.2w2019-12-31yTESIS 00104054718TESISaBCbBCd2014-12-02fTESISl0oTesisp33724002438173r2019-12-31 00:00:00w2019-12-31yTESISzRecien adquirido